Normal view
MARC view
Entry Topical Term
001 - CONTROL NUMBER
- control field: 17248
003 - CONTROL NUMBER IDENTIFIER
- control field: dpl
005 - DATE AND TIME OF LATEST TRANSACTION
- control field: 20100826144837.0
008 - FIXED-LENGTH DATA ELEMENTS
- fixed length control field: 100826|||a|||||| | ||| d
040 ## - CATALOGING SOURCE
- Original cataloging agency: dpl
- Transcribing agency: dpl
150 ## - HEADING--TOPICAL TERM
- Topical term or geographic name as entry element: हन्दू, धर्म
670 ## - SOURCE DATA FOUND
- Source citation: Work cat.: (dpl)34566: शांडिल्य, राजेश्वरी 17247, धर्म के पाँच अधयायः, 2009
670 ## - SOURCE DATA FOUND
- Source citation: Work cat.: (dpl)34566: शांडिल्य, राजेश्वरी 17247, धर्म के पाँच अधयायः, 2009
